Polonia de Bolsillo
Збережено в:
| Співавтор: | |
|---|---|
| Формат: | Книга |
| Мова: | Undetermined |
| Опубліковано: |
Polonia
Ministerio de Asuntos Exteriores, Departamento de Promoción
[s.f.]
|
| Предмети: | |
| Теги: |
Додати тег
Немає тегів, Будьте першим, хто поставить тег для цього запису!
|
MARC
| LEADER | 00000nam a2200000Ia 4500 | ||
|---|---|---|---|
| 008 | 170316s9999 xx 000 0 und d | ||
| 090 | |a 800-P M-1p | ||
| 110 | |a Ministerio de Asuntos Exteriores | ||
| 245 | |a Polonia de Bolsillo | ||
| 260 | |a Polonia | ||
| 260 | |b Ministerio de Asuntos Exteriores, Departamento de Promoción | ||
| 260 | |c [s.f.] | ||
| 300 | |a 65 páginas | ||
| 650 | |a OTRAS LITERATURAS | ||
| 650 | |a POLONIA | ||
| 650 | |a GEOGRAFÍA | ||
| 650 | |a CULTURA | ||
| 650 | |a EDUCACIÓN | ||
| 999 | |c 19962 |d 19962 | ||
| 040 | |a cru BVZT | ||
| 942 | |c 15 D |h 800-P M-1p |2 z | ||
